| 000 | 01166nam a22003257a 4500 | ||
|---|---|---|---|
| 001 | BR9100364 | ||
| 003 | BR-BrBNA | ||
| 005 | 20230928093506.0 | ||
| 007 | ta | ||
| 008 | 230509b bl.||||| |||| 00| 0 por d | ||
| 040 |
_aBR-BrBNA _bpor _cBiblioteca Nacional de Agricultura |
||
| 041 | _a(Por) | ||
| 072 |
_aQ03; Q02 _b9414 _b4110 _b/G514 |
||
| 090 | _ 9414 BR9100364 | ||
| 100 | 1 | _aBarros, V.R.M. de | |
| 110 | 1 |
_aUniversidade de Sao Paulo, Sao Paulo (Brasil). Faculdade de Medicina Veterinaria e Zootecnia _0Tese (Mestrado) |
|
| 245 | 1 | _aOcorrencia e niveis de Bacillus cereus no leite em po integral comercializado na capital do estado de Sao Paulo | |
| 246 | 1 | _aOccurrence and levels of Bacillus cereus in whole powder milk commercialized in Sao Paulo city | |
| 260 | 3 |
_aSao Paulo, SP (Brasil): _c1990. |
|
| 300 | _a43 p. | ||
| 500 | _aSummaries (Eng, Por); 11 illus.; Bibliography p. 36-43 (64 ref.) | ||
| 650 | _aLEITE EM PO | ||
| 650 | _aBACTERIA | ||
| 650 | _aHIGIENE DE ALIMENTO | ||
| 650 | _aCONTAMINACAO BACTERIANA | ||
| 650 | _aMICROBIOLOGIA DE ALIMENTO | ||
| 650 | _aSAO PAULO | ||
| 909 |
_a202309 _bLucia _c55 _dLucia Elande |
||
| 942 | _cBK | ||
| 999 |
_c45304 _d45304 |
||